000 01000cam a2200241 4500
001 WB3645-20
008 000000n2000 000 0 eng u
035 _a(Sirsi) u109368
245 _aLandowners: knights of rural housing
260 _c2000
490 _aHerald
_v 13 November 2000, 8(1)
520 _aOutlines the findings of a Heriot-Watt University report into the rented sector in rural areas, comissioned by the Scottish Landowners' Federation and Scottish Homes. The research which examined eight case study areas reveals that rural landowners do feel socially responsible towards the community. It is likely that landowners will be given public money to help the rural housing problem.
590 _aWB
650 _aRURAL HOUSING
650 _aSCOTLAND
650 _aSCOTTISH LANDOWNERS ASSOCIATION
650 _aSCOTTISH HOMES
650 _aHERIOT WATT UNIVERSITY
650 _aGRANT AID
650 _aLANDOWNERS
690 _aHOUSING-PRIVATE RENTED SECTOR
942 _n0
999 _c65286
_d65286